000 01110naa a22002897a 4500
001 BR8900991
003 BR-BrBNA
005 20250721155346.0
007 ta
008 250630b bl.|||m| |||| 00| 0 por d
040 _aBR-BrBNA
_bpor
_cBiblioteca Nacional de Agricultura
041 _a(Pt)
072 _aH60
_b0120
_b3876
090 _aH60 BR8900991
100 1 _aSilva, J.B. da
100 1 _aWeda, A.
111 1 _a16. Congresso Nacional de Milho e Sorgo
_cBelo Horizonte, MG (Brazil)
_d4-8 Aug 1986
245 1 _aControle pos-emergente de plantas daninhas com atrazine oleo na cultura do milho
500 _a16. Congresso Nacional de Milho e Sorgo. Anais Sete Lagoas, MG (Brasil): 1988. p. 453-461 [Summaries (En, Pt); 15 ref.] (BR8900991-AMS)
773 0 _t16. Congresso Nacional de Milho e Sorgo. Anais
_wH60 BR8900991
_gSete Lagoas, MG (Brasil), 1988. p. 453-461
650 _aMILHO
650 _aERVA DANINHA
650 _aHERBICIDA
490 _aDocumentos - Centro Nacional de Pesquisa de Milho e Sorgo (Brazil)
_vno. 6
942 _cAMS
_2AGRIS
909 _a202506
_bLúcia
_c55
_dLúcia Elande
999 _c336054
_d336054